Pokémon - Les attaques de Blizzaroi - Statistiques

Statistiques générales
  • Ce quiz a été pris 31 fois
  • Le résultat moyen est 10 sur 14
Statistiques - réponses
Niveaux Types Noms des attaques % Correct
Niveau 49 Glace Blizzard
100%
Niveau 43 Plante Martobois
94%
Niveau 15 Glace Éclats Glace
88%
Niveau 56 Glace Glaciation
88%
Niveau 25 Glace Vent Glace
88%
Départ Glace Poudreuse
82%
Niveau 35 Plante Racines
82%
Départ Glace Brume
76%
Niveau 20 Plante Tranch'Herbe
71%
Départ Normal Groz'Yeux
65%
Départ Évolution Glace Poing Glace
65%
Départ Plante Feuillage
47%
Départ Glace Voile Aurore
47%
Niveau 30 Normal Vantardise
29%
Aucun quiz correspondant
Distribution des résultats
% des personnes avec chaque résultat
Percentile par nombre de réponses
Votre historique - résultats
Vous n’avez pas pris ce quiz